000 00766nam a2200193Ia 4500
008 220216s9999 xx 000 0 und d
100 _aMercy M A
245 0 _aConservation of wild Hevea germplasm-Genetic diversity and selection of drought tolerant accessions
260 _bIn: Prospects in Forestry and Agriculture: Compilation of Papers Presented in National Seminar on Forestry and Agriculture, 7-8 November 2013, KFRI, Peechi. (Eds. Mohanan, K.V et al) Kerala Forest Research Institute, Peechi, India, 2015, pp.243-257.
650 _aGenetic diversity
650 _aWild hevea germplasm
700 _aMeenakumari T
700 _aMydin K K
700 _aNair D B
700 _aReghu C P
700 _aSingh M
856 _u630(063) KFR
942 _cJS
999 _c56178
_d56178